Welcome to CU Library Online Public Access Catalogue (OPAC)

e-Justice Practical Guide for the Bench and the Bar (Record no. 498)

MARC details
000 -LEADER
fixed length control field 00524nam a22001697a 4500
005 - DATE AND TIME OF LATEST TRANSACTION
control field 20241031192342.0
008 - FIXED-LENGTH DATA ELEMENTS--GENERAL INFORMATION
fixed length control field 241031b |||||||| |||| 00| 0 eng d
020 ## - INTERNATIONAL STANDARD BOOK NUMBER
International Standard Book Number 9788175348097 (paperback)
050 ## - LIBRARY OF CONGRESS CALL NUMBER
Classification number K2100
Item number .P19 2009
100 ## - MAIN ENTRY--PERSONAL NAME
Personal name K. Pandurangan
245 ## - TITLE STATEMENT
Title e-Justice Practical Guide for the Bench and the Bar
Statement of responsibility, etc. K. Pandurangan
260 ## - PUBLICATION, DISTRIBUTION, ETC.
Place of publication, distribution, etc. New Delhi
Name of publisher, distributor, etc. Universal Law Publishing Co. PVT. Ltd
Date of publication, distribution, etc. c2009
300 ## - PHYSICAL DESCRIPTION
Extent xxiii, 310 pages
Other physical details Index
Dimensions 22cm
650 ## - SUBJECT ADDED ENTRY--TOPICAL TERM
Source of heading or term e-Justice
650 ## - SUBJECT ADDED ENTRY--TOPICAL TERM
Source of heading or term Bench and Bar
942 ## - ADDED ENTRY ELEMENTS (KOHA)
Source of classification or shelving scheme Library of Congress Classification
Koha item type Books
Suppress in OPAC No
999 ## -
-- 498
-- 498
Holdings
Withdrawn status Lost status Source of classification or shelving scheme Damaged status Not for loan Collection Home library Current library Shelving location Date acquired Total checkouts Full call number Barcode Date last seen Copy number Price effective from Koha item type
    Library of Congress Classification     Non-fiction Law Library (Christ Temple) Law Library (Christ Temple) General stacks 04/07/2025   K2100.P19 PAN LLCT00000519 04/07/2025 1 04/07/2025 Books
    Library of Congress Classification     Non-fiction Law Library (Christ Temple) Law Library (Christ Temple) General stacks 04/07/2025   K2100.P19 PAN LLCT00000520 04/07/2025 2 04/07/2025 Books
    Library of Congress Classification     Non-fiction Law Library (Miotso) Law Library (Miotso) General stacks 10/31/2024   K2100.P19 PAN llm00000459 10/31/2024 1 10/31/2024 Books
    Library of Congress Classification     Non-fiction Law Library (Miotso) Law Library (Miotso) General stacks 10/31/2024   K2100.P19 PAN llm00000460 10/31/2024 2 10/31/2024 Books
© 2023-2024 Copyright: Central University Libraries. All Rights Reserved | Created by: Mahone Tech Office